|
|
|
|
| LEADER |
01838cas a2200193 a 4500 |
| 001 |
AALejournalIMF015672 |
| 008 |
230101c9999 xx r poo 0 0eng d |
| 020 |
|
|
|z 9781589066625
|
| 040 |
|
|
|a BD-DhAAL
|c BD-DhAAL
|
| 100 |
1 |
|
|a Gillingham, Robert.
|
| 245 |
1 |
0 |
|a Poverty and Social Impact Analysis by the IMF :
|b Review of Methodology and Selected Evidence /
|c Robert Gillingham.
|
| 264 |
|
1 |
|a Washington, D.C. :
|b International Monetary Fund,
|c 2008.
|
| 300 |
|
|
|a 1 online resource (136 pages)
|
| 500 |
|
|
|a <strong>Off-Campus Access:</strong> No User ID or Password Required
|
| 500 |
|
|
|a <strong>On-Campus Access:</strong> No User ID or Password Required
|
| 506 |
|
|
|a Electronic access restricted to authorized BRAC University faculty, staff and students
|
| 520 |
3 |
|
|a The Poverty Reduction and Growth Facility (PRGF) is used by the IMF to provide support for countries' implementation of their poverty reduction and growth strategies. A key requirement in the design of PRGF programs is understanding the effects of reform program measures on vulnerable groups-particularly the poor-and how to devise measures to mitigate any negative effects. Poverty and social impact analysis (PSIA) is a critical instrument for pursuing this goal. The IMF has therefore established a small group of staff economists to facilitate the integration of PSIA into PRGF-supported programs. In this book, the group's members review analytical techniques used in PSIA as well as several important topics to which PSIA can make valuable contributions. These reviews should prove useful and interesting to readers interested in PSIA in general and the IMF's PSIA efforts in particular.
|
| 538 |
|
|
|a Mode of access: Internet
|
| 856 |
4 |
0 |
|z Full text available on IMF
|u http://elibrary.imf.org/view/books/071/05368-9781589066625-en/05368-9781589066625-en-book.xml
|z IMF e-Library
|